Statistics for QRUs Most Important People in History

Click here to take the quiz!

General Stats

  • This quiz has been taken 781 times
  • The average score is 46 of 100

Answer Stats

RankHintAnswer% Correct
3 (-2)Proposed Messiah of Judaism, inspired ChristianityJesus of Nazareth
99%
1 (+1)Founder of Islam and the Rashidun CaliphateMuhammad
99%
8 (-2)Started World War IIAdolf Hitler
96%
5 (+2)Founder of Mongol Empire, promoted trade, rape and religious toleranceGenghis Khan
93%
22 (-9)Led the USSR through World War IIJosef Stalin
93%
17 (+9)Communist revolutionary, first head of the Soviet UnionVladimir Lenin
93%
27 (-17)Writer of the Communist ManifestoKarl Marx
92%
19 (+18)Discovered RelativityAlbert Einstein
91%
28 (-4)Revolutionary and first president of the United States of AmericaGeorge Washington
90%
21 (-7)Dictator of China, caused the Cultural RevolutionMao Tse-tung
90%
30 (-25)Found a sea route to the AmericasChristopher Columbus
89%
2 (+1)Deeply influenced Chinese thoughtConfucius
89%
29 (-12)Fought for Indian Independence, contributed to nonviolent resistanceMohandas Gandhi
89%
32 (+2)Major contributor to the Theory of EvolutionCharles Darwin
88%
73 (-64)Major figure of the Protestant ReformationMartin Luther
87%
64 (-18)Won the American Civil War, abolished slavery in the USAAbraham Lincoln
84%
84 (-68)Created an empire that reached from Macedonia to IndiaAlexander the Great
82%
12 (+8)Founded the Roman EmpireAugustus
82%
13 (+64)Astronomer, furthered the Scientific Method against major hostilitiesGalileo Galilei
82%
24 (-1)Classical philosopher, founder of the AcademyPlato
82%
10 (-2)Improved printing decisivelyJohannes Gutenberg
81%
69 (+19)Prominent figure of the American Civil Rights MovementMartin Luther King Jr.
81%
31 (-4)Fought for the independence of South AmericaSimón Bolívar
81%
40 (+12)Pioneered radioactivityMarie Skłodowska Curie
80%
7 (+5)Conquered and modernized most of EuropeNapoleon Bonaparte
80%
85 (-40)Virgin Queen who oversaw a British Golden AgeElizabeth I
79%
62 (-31)Captured Gaul, prepared the end of the Roman RepublicGaius Julius Caesar
78%
18 (+4)Laid the foundations of classical mechanic, advanced the Scientific RevolutionIsaac Newton
76%
41 (-16)Powerful Frankish and Holy Roman EmperorCharlemagne
75%
11 (+27)Father of Western PhilosophyAristotle
73%
36 (-1)Allowed Rome to become a christian EmpireConstantine
72%
16 (+17)Major contributor to Germ Theory, Vaccination and mildly heated milkLouis Pasteur
71%
57 (-36)Conquered England for the NormansWilliam the Conqueror
70%
46 (+27)Conquered the Aztec EmpireHernán Cortés
69%
38 (+40)Rediscovered Heliocentrism, triggered a revolution named after himNicolaus Copernicus
68%
56 (-)Father of the modern TurkeyMustafa Kemal Atatürk
64%
88 (-)Leader of the Hunnic EmpireAttila
63%
72 (+20)The Swan of Avon, arguably the most influencal dramatistWilliam Shakespeare
62%
26 (+36)Discoverer of GeneticsGregor Mendel
61%
95 (-53)Modernized and expandend RussiaPeter the Great
60%
53 (-14)Called the "Father of Economy"Adam Smith
59%
87 (-)Founder of modern nursingFlorence Nightingale
59%
45 (+27)Conquered the Inca EmpireFrancisco Pizarro
57%
15 (+4)Founder of TaoismLaozi
57%
52 (+35)Highly influental in Computer ScienceAlan Turing
51%
4 (0)Main teacher and buddha of BuddhismSiddharta Gautama
51%
82 (-25)Founder of GeometryEuclid
50%
25 (+3)Reinterpreted and spread Christianity through EuropePaulus of Tarsus
46%
55 (-)Enlightened Monarch, modernized Prussia and made it a Great powerFrederick the Great
45%
78 (-)Inventor of the Periodic TableDmitri Mendeleev
44%
35 (-24)Founder of the first Persian EmpireCyrus the Great
42%
42 (+19)Influencal European mathematician and philosopher, known for his "Meditations"René Descartes
40%
96 (-)Influencal physicist who worked on electricity, thermodynamics and the compass, calculated the absolute zero of temperatureLord Kelvin
39%
9 (+6)Unified ChinaQin Shi Huang
39%
81 (-32)Successor of Muhammad, focal point of the Shia-sunni splitAli
38%
86 (-)Byzantine Emperor, partly restored the Roman EmpireJustinian the Great
36%
20 (+55)Influental contributor to the Scientific Method and EmpiricismFrancis Bacon
31%
49 (-)Regarded as the first computer programmerAda Lovelace
28%
37 (-)Originator of Quantum theory, has a time named after himMax Planck
28%
80 (-)Greatly expanded the Ottoman Empire and reformed its lawsSuleiman the Magnificent
26%
14 (-)Philosopher of German Idealism, inspired Marxism and Fascism, a.e.G. W. F. Hegel
25%
70 (-)Uncertain pioneer of quantum mechanicsWerner Heisenberg
24%
94 (-)The "perfect prince", reformed Portugal, major figure of the Age of DiscoveryJohn II of Portugal
23%
97 (-)"First citizen of Athen" and founder of the Athenian EmpirePericles
23%
33 (+47)Revolutionized microscopingAntonie van Leeuwenhoek
22%
66 (-)Influencal philosopher of the enlightenment, popularized the "general will"Jean-Jacques Rousseau
22%
60 (-)Build the first nuclear reactor, dubbed the "architect of the nuclear age"Enrico Fermi
21%
51 (+28)Considered father of Modern Chemistry, also contributed to BiologyAntoine Lavoisier
20%
58 (+7)Conquered Constantinople and ended the Byzantine EmpireMehmed the Conqueror
20%
99 (-)Discoverer of Nuclear FissionOtto Hahn
20%
59 (-)Discovered Galaxies and the expanding of the UniverseEdwin Hubble
19%
61 (-)Main figure of chinese legalism, highly influental during the Qing dynastyHan Fei
19%
92 (-)Contributed to a wide array of philosophies and sciences, most notably calculus and calculatorsGottfried Leibniz
17%
90 (-22)Pioneer of ElectromagnetismJames Maxwell
17%
74 (-)Tennō who led Japan into modernityMeiji
17%
76 (-)Great emperor of the mughal empireAkbar the Great
13%
50 (+5)Figured out how to make artificial fertilizerFritz Haber
13%
98 (-)Most influencal physician of antiquityGalen
13%
44 (-)Inspired the Protestant ReformationJan Hus
11%
34 (-)Pharaoh dubbed "the Enemy", contributed to MonotheismEchnaton
9%
91 (-)Founder of the Roman RepublicLucius Junius Brutus
9%
54 (-)Cofounder of and major contributor to SociologyMax Weber
9%
47 (+9)Potentially saved hundreds of millions by improving crop yieldsNorman Borlaug
9%
48 (-)Forerunner of Epidemology and Medical hygieneJohn Snow
8%
67 (-)Spanish King called "the Wise", fostered science, arts and the Castillian languageAlfonso X
7%
6 (-)Improved papermaking decisivelyCai Lun
7%
77 (-)Founder of geography, calculated the circumference of the Earth and the tilt of its AxisEratosthenes
7%
75 (-)Homeless begger in his twenties, Emperor of China in his thirties, founder of the Ming dynastyZhu Yuanzhang
7%
79 (-)Controversial forerunner of the Enlightenment, Rationalism and DeterminismBaruch de Spinoza
6%
89 (-)Cofounder of quantum chemistry and molecular biologyLinus Pauling
6%
65 (-)Cofounder of modern chemistry and the experimental scientific methodRobert Boyle
6%
68 (-)Founder of modern bacteriologyRobert Koch
6%
71 (-)Proposed Messiah of Judaism, started a revolt that resulted in the jewish diasporaSimon bar Kokhba
5%
43 (-)Sunni muslim theologican, either started or ended the Islamic Golden AgeAl-Ghazali
3%
93 (-)Called the "Father of Arab philosophy"Al-Kindi
3%
83 (-)Sexologist and pioneer of LGBT activismMagnus Hirschfeld
3%
23 (-)Main philosopher of Mahāyāna BuddhismNāgārjuna
3%
39 (-)Major contributor to early psychologyWilhelm Wundt
3%
100 (-)Pioneer of aviation and aeronautical engineeringGeorge Cayley
2%
63 (-)Major figure of the revival of Hinduism and Indian nationalismSwami Vivekananda
2%

Score Distribution

Percentile by Number Answered

Percent of People with Each Score

Your Score History

You have not taken this quiz